[Event "Goldmoney Asian Rapid KO"]
[Site "chess24.com INT"]
[Date "2021.06.30"]
[Round "1.24"]
[White "Carlsen, Magnus"]
[Black "So, Wesley"]
[Result "0-1"]
[WhiteTitle "GM"]
[BlackTitle "GM"]
[WhiteElo "2847"]
[BlackElo "2770"]
[WhiteFideId "1503014"]
[BlackFideId "5202213"]
[EventDate "2021.06.29"]

1. d4 Nf6 2. Nf3 d5 3. c4 e6 4. Nc3 dxc4 5. e3 a6 6. a4 b6 7. Bxc4 Bb7 8. O-O
Bb4 9. Qe2 O-O 10. Rd1 Qe7 11. Bd3 c5 12. Na2 Nc6 13. Nxb4 Nxb4 14. b3 Nxd3 15.
Rxd3 Be4 16. Rd1 Rfc8 17. Ba3 Qb7 18. dxc5 bxc5 19. Rdc1 Qxb3 20. Bxc5 Nd7 21.
Bd4 Rxc1+ 22. Rxc1 Qxa4 23. Ne5 Nxe5 24. Bxe5 Bd5 25. f3 f6 26. Bd6 Rd8 27. Qb2
Bb3 28. Qa3 Qb5 29. h3 e5 30. Rb1 Qd3 31. Qxb3+ Qxb3 32. Rxb3 Rxd6 33. Rb7 h5
34. h4 Rd3 35. e4 a5 36. Ra7 Ra3 37. Kf2 a4 38. Ra8+ Kf7 39. Ra7+ Kg6 40. Kg3
Ra2 41. Kh3 Ra1 42. g3 Ra2 43. f4 a3 44. fxe5 fxe5 45. g4 Ra1 46. g5 a2 47. Kg2
Kh7 48. Kh2 Kg6 49. Kg2 Re1 50. Ra6+ Kf7 51. Rxa2 Rxe4 52. Kh3 Rd4 53. Ra7+ Kg6
54. Re7 Re4 55. Kg3 Rg4+ 56. Kh3 e4 57. Ra7 Rf4 58. Re7 Rg4 59. Ra7 Kf5 60. Rxg7
e3 61. Rf7+ Ke4 62. Re7+ Kd3 63. Rd7+ Kc2 64. Re7 Kd2 65. Rd7+ Ke1 66. Rh7 Kf2
67. Rf7+ Ke1 68. Rh7 e2 69. Rxh5 Re4 70. g6 Kd2 71. Rd5+ Ke3 0-1

[Event "Goldmoney Asian Rapid KO"]
[Site "chess24.com INT"]
[Date "2021.06.30"]
[Round "1.24"]
[White "Duda, Jan-Krzysztof"]
[Black "Ding, Liren"]
[Result "0-1"]
[WhiteTitle "GM"]
[BlackTitle "GM"]
[WhiteElo "2729"]
[BlackElo "2799"]
[WhiteFideId "1170546"]
[BlackFideId "8603677"]
[EventDate "2021.06.29"]

1. e4 e5 2. Nf3 Nc6 3. Bc4 Nf6 4. Ng5 d5 5. exd5 Na5 6. Bb5+ c6 7. dxc6 bxc6 8.
Be2 h6 9. Nh3 Bd6 10. d3 O-O 11. O-O c5 12. Bf3 Rb8 13. Kh1 Bc7 14. Ng1 Qd6 15.
g3 Nc6 16. Na3 Nd4 17. Nc4 Qa6 18. Bg2 e4 19. Be3 Rd8 20. Qc1 Bb7 21. b3 Qe6 22.
dxe4 Nxe4 23. Re1 Qd5 0-1

[Event "Goldmoney Asian Rapid KO"]
[Site "chess24.com INT"]
[Date "2021.06.30"]
[Round "1.31"]
[White "Carlsen, Magnus"]
[Black "So, Wesley"]
[Result "1-0"]
[WhiteTitle "GM"]
[BlackTitle "GM"]
[WhiteElo "2847"]
[BlackElo "2770"]
[WhiteFideId "1503014"]
[BlackFideId "5202213"]
[EventDate "2021.06.29"]

1. c4 Nf6 2. Nc3 e5 3. Nf3 Nc6 4. g3 d5 5. cxd5 Nxd5 6. Bg2 Bc5 7. O-O O-O 8. d3
h6 9. Nxd5 Qxd5 10. Nd2 Qd8 11. Nc4 Re8 12. b3 Be6 13. Bxc6 bxc6 14. Be3 Bd6 15.
Rc1 Qd7 16. Qc2 Bd5 17. f3 f5 18. Nd2 Bb4 19. Rf2 Re6 20. Rg2 h5 21. Nc4 Rae8
22. Rd1 Qe7 23. Qc1 Rg6 24. Bxa7 e4 25. dxe4 fxe4 26. f4 e3 27. Ne5 Bd2 28. Qc2
Re6 29. Qf5 Rf8 30. Qxh5 Rxe5 31. Qxe5 Qxe5 32. fxe5 Bxg2 33. Kxg2 Rf2+ 34. Kg1
Rxe2 35. e6 Bb4 36. Rd4 Be7 37. Re4 c5 38. a4 Kf8 39. Re5 Rb2 40. Rxe3 Bd6 41.
Rc3 Rb1+ 42. Kg2 Rb2+ 43. Kh3 c4 44. bxc4 Ra2 45. Bd4 g6 46. c5 Be7 47. Rb3 Bd8
48. Rb8 Ke7 49. Be3 1-0

[Event "Goldmoney Asian Rapid KO"]
[Site "chess24.com INT"]
[Date "2021.06.30"]
[Round "1.32"]
[White "So, Wesley"]
[Black "Carlsen, Magnus"]
[Result "1/2-1/2"]
[WhiteTitle "GM"]
[BlackTitle "GM"]
[WhiteElo "2770"]
[BlackElo "2847"]
[WhiteFideId "5202213"]
[BlackFideId "1503014"]
[EventDate "2021.06.29"]

1. d4 d5 2. c4 e6 3. Nc3 a6 4. cxd5 exd5 5. Nf3 Nf6 6. Bg5 Be6 7. e3 Nbd7 8. Bd3
c6 9. Qc2 Bd6 10. Bf4 Qc7 11. Bxd6 Qxd6 12. h3 O-O 13. O-O g6 14. a3 Ne8 15. Na4
Qe7 16. Ne5 Nd6 17. Rae1 Rae8 18. Re2 Bf5 19. Bxf5 Nxf5 20. Nf3 Nd6 21. Rfe1 Qd8
22. Nd2 Re7 23. f3 Nf5 24. g4 Nh4 25. Kf2 f5 26. Kg3 Rxe3 27. Rxe3 f4+ 28. Kf2
fxe3+ 29. Rxe3 Qc7 30. Nf1 Qf4 31. Qd3 b5 32. Nc3 Nc5 33. dxc5 d4 34. Re7 Qxf3+
35. Qxf3 Rxf3+ 36. Ke2 dxc3 37. bxc3 Rxc3 38. Nd2 Ng2 39. Ne4 Nf4+ 40. Kd2 Rd3+
41. Kc2 Rxh3 42. Nf6+ Kf8 43. Rc7 Ne6 44. Nxh7+ Ke8 45. Nf6+ Kd8 46. Rd7+ Kc8
47. Rd6 Nd8 48. Ng8 Rxa3 49. Rxg6 Re3 50. Rg7 Ne6 51. Rg6 Kd7 52. Nf6+ Ke7 53.
Nh5 Re5 54. Rh6 Rxc5+ 55. Kb2 Re5 56. Ng3 Nd4 57. Rh7+ Kd6 58. Rh6+ Kd5 59. Rh5
Rxh5 60. gxh5 Ke5 61. Kc3 Nf5 62. Ne2 c5 63. Nc1 Kf6 64. Nd3 Kg5 65. Nxc5 Kxh5
66. Nxa6 b4+ 67. Nxb4 Nd4 68. Nc6 Nxc6 1/2-1/2

[Event "Goldmoney Asian Rapid KO"]
[Site "chess24.com INT"]
[Date "2021.07.01"]
[Round "2.11"]
[White "Aronian, Levon"]
[Black "Carlsen, Magnus"]
[Result "1-0"]
[WhiteTitle "GM"]
[BlackTitle "GM"]
[WhiteElo "2781"]
[BlackElo "2847"]
[WhiteFideId "13300474"]
[BlackFideId "1503014"]
[EventDate "2021.06.29"]

1. e4 e5 2. Nf3 Nc6 3. Bb5 a6 4. Ba4 Nf6 5. O-O Be7 6. Re1 b5 7. Bb3 O-O 8. d4
d6 9. c3 Bg4 10. Be3 exd4 11. cxd4 Na5 12. h3 Nxb3 13. axb3 Bd7 14. Bd2 Qc8 15.
Ba5 Qb7 16. Nbd2 c5 17. d5 Bd8 18. b4 Bxa5 19. Rxa5 Qb6 20. Qb3 Rfe8 21. Qa3 h6
22. bxc5 dxc5 23. b4 cxb4 24. Qxb4 Rac8 25. Ra2 Rc7 26. Raa1 Bc8 27. Qd4 Qxd4
28. Nxd4 Bd7 29. f3 a5 30. Reb1 a4 31. Nxb5 Rc2 32. Nf1 Ra8 33. Na3 Rc3 34. Rc1
Rac8 35. Rxc3 Rxc3 36. Ng3 Ne8 37. Ne2 Rd3 38. Nc4 Bb5 39. Ne5 Rd2 40. Nc3 Nd6
41. Nxb5 Nxb5 42. Rxa4 f5 43. h4 fxe4 44. fxe4 Kf8 45. Nf3 Rd3 46. Kf2 Ke7 47.
Kg3 Nc3 48. Rc4 1-0

[Event "Goldmoney Asian Rapid KO"]
[Site "chess24.com INT"]
[Date "2021.07.01"]
[Round "2.11"]
[White "Artemiev, Vladislav"]
[Black "Ding, Liren"]
[Result "1/2-1/2"]
[WhiteTitle "GM"]
[BlackTitle "GM"]
[WhiteElo "2704"]
[BlackElo "2799"]
[WhiteFideId "24101605"]
[BlackFideId "8603677"]
[EventDate "2021.06.29"]

1. Nf3 d5 2. g3 Nf6 3. Bg2 c5 4. O-O e6 5. c4 d4 6. e3 Nc6 7. exd4 cxd4 8. d3
Bd6 9. Bg5 h6 10. Bxf6 Qxf6 11. Nbd2 Qe7 12. a3 a5 13. Ne4 Bc7 14. c5 O-O 15.
Nfd2 Ne5 16. Qe2 f5 17. Nd6 Bxd6 18. cxd6 Qxd6 19. Rfe1 Nf7 20. Rac1 Bd7 21. Nc4
Qa6 22. Ne5 Nxe5 23. Qxe5 Rac8 24. Qxd4 Bb5 25. a4 Bxd3 26. Qd7 Rcd8 27. Qxe6+
Qxe6 28. Rxe6 Be4 29. Re7 Rfe8 30. Rxe8+ Rxe8 31. Rc5 b6 32. Rb5 Re6 33. Bxe4
Rxe4 34. Rxf5 Rxa4 35. Rb5 Ra1+ 36. Kg2 a4 37. Rxb6 a3 38. bxa3 Rxa3 39. g4 Rc3
40. h4 Ra3 41. f3 Ra4 42. Kg3 Rc4 43. Re6 Ra4 44. Re4 Ra5 45. Re6 Ra1 46. Kf4
Kh7 47. Kf5 Ra5+ 48. Re5 Ra6 49. f4 Rf6+ 50. Ke4 Ra6 51. Rd5 Re6+ 52. Kf5 Ra6
53. Ke5 Ra8 54. f5 Re8+ 55. Kf4 Re1 56. Rd7 Rh1 57. Ke5 Re1+ 58. Kd6 Rf1 59. Ke6
Ra1 60. g5 hxg5 61. hxg5 Ra6+ 62. Kf7 Ra8 63. Re7 Rb8 64. Re1 Rb7+ 65. Kf8 Rb8+
66. Kf7 Rb7+ 67. Re7 Rb8 68. Ra7 Rc8 69. f6 gxf6 70. gxf6 Rb8 71. Re7 Ra8 72.
Re1 Ra7+ 73. Re7 Ra8 74. Re8 Ra7+ 75. Ke6 Ra6+ 76. Kf5 Ra5+ 77. Ke6 Ra6+ 78. Kf7
Ra7+ 79. Re7 Ra8 1/2-1/2

[Event "Goldmoney Asian Rapid KO"]
[Site "chess24.com INT"]
[Date "2021.07.01"]
[Round "2.12"]
[White "Carlsen, Magnus"]
[Black "Aronian, Levon"]
[Result "1-0"]
[WhiteTitle "GM"]
[BlackTitle "GM"]
[WhiteElo "2847"]
[BlackElo "2781"]
[WhiteFideId "1503014"]
[BlackFideId "13300474"]
[EventDate "2021.06.29"]

1. d4 Nf6 2. c4 e6 3. Nc3 Bb4 4. e3 O-O 5. Bd3 c5 6. Nf3 d5 7. O-O dxc4 8. Bxc4
cxd4 9. exd4 b6 10. Bd3 Bb7 11. a3 Be7 12. Re1 Nbd7 13. Qe2 Nd5 14. Nxd5 Bxd5
15. Bf4 Nf6 16. Ne5 Bb7 17. Qe3 Nh5 18. Qh3 g6 19. Be3 Rc8 20. Rac1 Rxc1 21.
Rxc1 Bf6 22. Be2 Ng7 23. Bf3 Bxf3 24. Qxf3 Nf5 25. Nc6 Qc7 26. g4 Nxe3 27. fxe3
Bh4 28. Qf4 Qxf4 29. exf4 a5 30. Kg2 h6 31. Kf3 Kg7 32. Ne5 Bf6 33. Rc6 Bxe5 34.
fxe5 g5 35. Ke4 h5 36. h3 hxg4 37. hxg4 Rh8 38. d5 exd5+ 39. Kf5 Rh2 40. Rxb6
Rf2+ 41. Kxg5 d4 42. Rd6 Rxb2 43. Rxd4 Rb3 44. a4 Rb4 45. Rf4 Kf8 46. Kf5 Rb1
47. e6 Ke7 48. exf7 Kxf7 49. Kg5+ Kg7 50. Rf5 Rb6 51. Rxa5 Rg6+ 52. Kf4 Rc6 53.
Re5 Kf6 54. g5+ Kg6 55. a5 Rc1 56. Re6+ Kf7 57. Rb6 Rc4+ 58. Ke3 Ra4 59. a6 Kg7
60. g6 Kh6 61. Kd3 Kg7 62. Kc3 Kh6 63. Kb3 Ra1 64. Rc6 1-0

[Event "Goldmoney Asian Rapid KO"]
[Site "chess24.com INT"]
[Date "2021.07.01"]
[Round "2.12"]
[White "Ding, Liren"]
[Black "Artemiev, Vladislav"]
[Result "1-0"]
[WhiteTitle "GM"]
[BlackTitle "GM"]
[WhiteElo "2799"]
[BlackElo "2704"]
[WhiteFideId "8603677"]
[BlackFideId "24101605"]
[EventDate "2021.06.29"]

1. d4 d5 2. c4 e6 3. Nf3 a6 4. cxd5 exd5 5. Nc3 c6 6. Qc2 Bd6 7. Bg5 Ne7 8. e3
Bf5 9. Qxf5 Nxf5 10. Bxd8 Kxd8 11. Bd3 Ne7 12. e4 f6 13. O-O Nd7 14. Rfe1 dxe4
15. Nxe4 Bb4 16. Re2 Nd5 17. g3 Re8 18. a3 Bf8 19. Rae1 g6 20. h4 Kc7 21. Nc3
Rxe2 22. Nxd5+ Kd6 23. Rxe2 Kxd5 24. h5 f5 25. Bb1 c5 26. dxc5 Nxc5 27. hxg6
hxg6 28. Nh4 f4 29. gxf4 Bd6 30. Nxg6 Rc8 31. b4 Nb3 32. Ba2 Rc3 33. Re3 Rxe3
34. fxe3 Kc4 35. e4 Kc3 36. e5 Bc7 37. e6 Bd6 38. Bxb3 Kxb3 39. f5 Kxa3 40. f6
Kxb4 41. e7 1-0

[Event "Goldmoney Asian Rapid KO"]
[Site "chess24.com INT"]
[Date "2021.07.01"]
[Round "2.13"]
[White "Artemiev, Vladislav"]
[Black "Ding, Liren"]
[Result "0-1"]
[WhiteTitle "GM"]
[BlackTitle "GM"]
[WhiteElo "2704"]
[BlackElo "2799"]
[WhiteFideId "24101605"]
[BlackFideId "8603677"]
[EventDate "2021.06.29"]

1. Nf3 d5 2. g3 Nf6 3. Bg2 c5 4. O-O e6 5. d3 Be7 6. e4 O-O 7. Qe2 Nc6 8. a4
dxe4 9. dxe4 e5 10. c3 Be6 11. Nbd2 Qc7 12. Nc4 Rad8 13. Ng5 Bg4 14. f3 Bc8 15.
f4 Bg4 16. Qc2 h6 17. Nf3 exf4 18. gxf4 Be6 19. b3 Nh5 20. e5 Qd7 21. Nfd2 f5
22. Qd1 Qe8 23. Qe2 g5 24. fxg5 hxg5 25. Nf3 Qg6 26. Nd6 g4 27. Ne1 f4 28. Be4
Qg7 29. Nxb7 Nxe5 30. Nxd8 Bxd8 31. Nd3 Nf3+ 32. Kg2 Nh4+ 33. Kg1 f3 34. Bh7+
Kxh7 35. Qxe6 g3 36. Qe4+ Rf5 37. Ra2 gxh2+ 38. Kxh2 Bc7+ 39. Nf4 Nxf4 40. Bxf4
Bxf4+ 41. Kh1 Qg3 42. Qe7+ Kh6 43. Qe6+ Kh5 44. Qe8+ Ng6 45. Rff2 Kh6 46. Rh2+
Rh5 47. Rxh5+ Kxh5 48. Qe6 Kh6 49. Qe4 f2 50. Qg2 Qh4+ 0-1

[Event "Goldmoney Asian Rapid KO"]
[Site "chess24.com INT"]
[Date "2021.07.01"]
[Round "2.14"]
[White "Carlsen, Magnus"]
[Black "Aronian, Levon"]
[Result "1-0"]
[WhiteTitle "GM"]
[BlackTitle "GM"]
[WhiteElo "2847"]
[BlackElo "2781"]
[WhiteFideId "1503014"]
[BlackFideId "13300474"]
[EventDate "2021.06.29"]

1. d4 Nf6 2. Bf4 d5 3. e3 Bg4 4. f3 Bd7 5. g4 c5 6. c3 Qb6 7. Qb3 e6 8. Nd2 c4
9. Qc2 Bd6 10. Bxd6 Qxd6 11. e4 Qc7 12. e5 Ng8 13. Ne2 Nc6 14. f4 h5 15. gxh5
Rxh5 16. Rg1 Kf8 17. Nf3 Nge7 18. Ng3 Rh6 19. Qd2 b5 20. a3 a5 21. h4 f5 22. Be2
Nd8 23. Kf2 a4 24. Rg2 Nf7 25. Rag1 Rh8 26. h5 Nh6 27. Ng5 Ra6 28. Nf1 Be8 29.
Ne3 Neg8 30. Bf3 Qe7 31. Ke1 Bf7 32. Kd1 Ra7 33. Kc1 Rd7 34. Nxd5 Rxd5 35. Nxf7
Nxf7 36. Bxd5 exd5 37. Rxg7 Ngh6 38. Qg2 Ng4 39. Rxg4 fxg4 40. Qxg4 Ke8 41. f5
Nxe5 42. dxe5 Qxe5 43. f6 Qe3+ 44. Kb1 Qe4+ 45. Qxe4+ dxe4 46. Rh1 Kf7 47. h6
Kxf6 48. Kc1 Rd8 49. Rd1 Rd3 50. Rh1 Rd8 51. h7 Kg7 52. Rh5 Re8 53. Kd2 e3+ 54.
Ke2 Kh8 55. Rxb5 Kxh7 56. Rb4 Kg6 57. Rxc4 Ra8 58. Kxe3 Kf5 59. Kd3 Ke5 60. Rb4
Kd5 61. c4+ Kc6 62. Kc3 Ra5 63. Rb5 Ra7 64. Kb4 Ra8 65. Ra5 Rb8+ 66. Kc3 1-0

[Event "Goldmoney Asian Rapid KO"]
[Site "chess24.com INT"]
[Date "2021.07.02"]
[Round "2.31"]
[White "Aronian, Levon"]
[Black "Carlsen, Magnus"]
[Result "1-0"]
[WhiteTitle "GM"]
[BlackTitle "GM"]
[WhiteElo "2781"]
[BlackElo "2847"]
[WhiteFideId "13300474"]
[BlackFideId "1503014"]
[EventDate "2021.06.29"]

1. e4 e5 2. Nf3 Nc6 3. Bb5 a6 4. Ba4 Nf6 5. O-O d6 6. c3 Nxe4 7. d4 Bd7 8. Re1
Nf6 9. dxe5 Nxe5 10. Nxe5 dxe5 11. Rxe5+ Be7 12. Bg5 Bxa4 13. Qxa4+ Qd7 14.
Qxd7+ Kxd7 15. Nd2 h6 16. Bh4 Rae8 17. Nf3 Ng4 18. Rd1+ Bd6 19. Rf5 g6 20. Rxf7+
Ke6 21. Rg7 g5 22. Bg3 Kf6 23. Rd7 Ke6 24. Bxd6 Kxd7 25. Be5+ Ke6 26. Bxh8 Rxh8
27. Re1+ Kf7 28. h3 Nf6 29. Ne5+ Kg7 30. Nd7 Kf7 31. Nxf6 Kxf6 32. Rd1 Re8 33.
Kf1 Re5 34. Rd4 a5 35. f3 b6 36. Kf2 Rb5 37. b3 Re5 38. h4 Re6 39. h5 Re5 40. g4
b5 41. c4 Rc5 42. Ke3 c6 43. Re4 bxc4 44. Rxc4 Re5+ 45. Kd3 Rd5+ 46. Rd4 Rc5 47.
Rd6+ Kg7 48. Kd2 a4 49. Rd7+ Kg8 50. bxa4 Rc4 51. a5 Ra4 52. Ra7 c5 53. Kd3 Kf8
54. a6 Kg8 55. a3 Kh8 56. Kc3 c4 57. Kd4 Kg8 58. Kc3 Kh8 59. Kb2 Kg8 60. Rc7
Rxa6 61. Rxc4 Rf6 62. Rc3 Rf4 63. Kb3 1-0

[Event "Goldmoney Asian Rapid KO"]
[Site "chess24.com INT"]
[Date "2021.07.02"]
[Round "2.31"]
[White "Ding, Liren"]
[Black "Artemiev, Vladislav"]
[Result "1/2-1/2"]
[WhiteTitle "GM"]
[BlackTitle "GM"]
[WhiteElo "2799"]
[BlackElo "2704"]
[WhiteFideId "8603677"]
[BlackFideId "24101605"]
[EventDate "2021.06.29"]

1. d4 d5 2. c4 e6 3. Nf3 c5 4. cxd5 exd5 5. Nc3 Nc6 6. dxc5 d4 7. Na4 Bxc5 8.
Nxc5 Qa5+ 9. Bd2 Qxc5 10. Rc1 Qb6 11. e3 Nf6 12. Bc4 dxe3 13. Bxe3 Qb4+ 14. Qd2
Qxd2+ 15. Nxd2 O-O 16. O-O Rd8 17. Rfd1 h6 18. Bf1 Be6 19. Nc4 Nd5 20. Bd2 Ndb4
21. Bxb4 Nxb4 22. a3 Nc6 23. Nd6 Rd7 24. Ne4 Rxd1 25. Rxd1 Rd8 26. Rxd8+ Nxd8
27. f4 Bd5 28. Nc3 Bc6 29. Kf2 Kf8 30. Ke3 Ke7 31. g3 Ne6 32. Bc4 Nc7 33. Kd4
Ne6+ 34. Ke3 Nc7 35. b4 b6 36. Kd4 Ne6+ 37. Ke3 Nc7 38. g4 Bd7 39. f5 h5 40. h3
hxg4 41. hxg4 f6 42. Kf4 Bc6 43. g5 Kd6 44. gxf6 gxf6 45. Ne4+ Ke7 46. Nc3 Kd6
47. Ne4+ Ke7 48. Nc3 Kd6 1/2-1/2

[Event "Goldmoney Asian Rapid KO"]
[Site "chess24.com INT"]
[Date "2021.07.02"]
[Round "2.32"]
[White "Carlsen, Magnus"]
[Black "Aronian, Levon"]
[Result "0-1"]
[WhiteTitle "GM"]
[BlackTitle "GM"]
[WhiteElo "2847"]
[BlackElo "2781"]
[WhiteFideId "1503014"]
[BlackFideId "13300474"]
[EventDate "2021.06.29"]

1. e4 e5 2. Nf3 Nc6 3. Bc4 Bc5 4. c3 Nf6 5. d3 d6 6. Bg5 h6 7. Bh4 a6 8. Nbd2
Ba7 9. O-O O-O 10. a4 Na5 11. Ba2 g5 12. Bg3 Nh5 13. b4 Nxg3 14. hxg3 Nc6 15.
Nh2 Kg7 16. g4 Qf6 17. g3 Ne7 18. Kg2 Ng8 19. f4 exf4 20. d4 Ne7 21. Nc4 d5 22.
e5 Qc6 23. b5 axb5 24. axb5 Qxb5 25. Nd2 Ng6 26. Qc2 Be6 27. Bb1 c5 28. Ndf3
cxd4 29. Rxa7 Rxa7 30. Nxd4 Qb6 31. Nf5+ Kh8 32. Nf3 fxg3 33. Rh1 Qf2+ 34. Qxf2
gxf2 35. Kxf2 Ra1 36. Rxh6+ Kg8 37. Bd3 Rc8 38. N5d4 Nf4 39. Bf5 Rxc3 0-1

[Event "Goldmoney Asian Rapid KO"]
[Site "chess24.com INT"]
[Date "2021.07.02"]
[Round "2.32"]
[White "Artemiev, Vladislav"]
[Black "Ding, Liren"]
[Result "1-0"]
[WhiteTitle "GM"]
[BlackTitle "GM"]
[WhiteElo "2704"]
[BlackElo "2799"]
[WhiteFideId "24101605"]
[BlackFideId "8603677"]
[EventDate "2021.06.29"]

1. Nf3 d5 2. g3 Nf6 3. Bg2 c5 4. O-O e6 5. b3 Be7 6. Bb2 O-O 7. c4 d4 8. b4 Qc7
9. bxc5 e5 10. e3 Bg4 11. h3 Bxf3 12. Qxf3 Nc6 13. exd4 exd4 14. d3 Bxc5 15. Nd2
Ne5 16. Qf5 Rae8 17. Nb3 Nfd7 18. Bxd4 Bxd4 19. Nxd4 g6 20. Qf4 Qd8 21. Rad1 Nc5
22. Nb3 Ncxd3 23. Qe4 Re7 24. f4 Qb6+ 25. Qd4 Qxd4+ 26. Nxd4 Rd8 27. Bd5 Nxc4
28. Bxc4 Rxd4 29. Bxd3 Re3 30. Bc2 Rxg3+ 31. Kf2 Rxd1 32. Rxd1 Rxh3 33. Bb3 Rh5
34. Rd7 Rf5 35. Kg3 b5 36. Rxa7 Kg7 37. Rd7 h6 38. Kg4 h5+ 39. Kg3 Kf8 40. Bc2
Rc5 41. Bb3 Rf5 42. Rd5 Rxd5 43. Bxd5 b4 44. Kh4 Kg7 45. f5 gxf5 46. Kg5 h4 47.
Kxf5 h3 48. Kg4 h2 49. Kg3 f5 50. Kxh2 Kf6 51. Kg3 Ke5 52. Bb3 Ke4 53. Bc2+ Ke5
54. Kf3 f4 55. Bh7 Kd4 56. Kxf4 Kc3 57. Bg8 Kb2 58. Ke5 Ka3 59. Bb3 Kb2 60. Kd4
Ka3 61. Kc5 1-0

[Event "Goldmoney Asian Rapid KO"]
[Site "chess24.com INT"]
[Date "2021.07.03"]
[Round "3.11"]
[White "Carlsen, Magnus"]
[Black "Ding, Liren"]
[Result "1-0"]
[WhiteTitle "GM"]
[BlackTitle "GM"]
[WhiteElo "2847"]
[BlackElo "2799"]
[WhiteFideId "1503014"]
[BlackFideId "8603677"]
[EventDate "2021.06.29"]

1. c4 Nf6 2. Nc3 e5 3. e3 Nc6 4. Qb3 Bb4 5. Nd5 Bc5 6. d3 O-O 7. Nf3 d6 8. Nc3
Ne7 9. Be2 Ng6 10. O-O Re8 11. Bd2 h6 12. Rfd1 Bb6 13. Ne4 c6 14. Bc3 Nh7 15.
Bb4 d5 16. cxd5 cxd5 17. Nd6 Re6 18. Nxc8 Rxc8 19. Rac1 Nf6 20. g3 Rc7 21. Bf1
Qc8 22. Rxc7 Qxc7 23. Bc3 Re8 24. Rc1 Qd7 25. Bg2 Qf5 26. Rd1 e4 27. dxe4 dxe4
28. Nd2 Ng4 29. Rf1 Nxf2 30. Nc4 Nh3+ 31. Bxh3 Qxh3 32. Nxb6 1-0

[Event "Goldmoney Asian Rapid KO"]
[Site "chess24.com INT"]
[Date "2021.07.03"]
[Round "3.12"]
[White "Artemiev, Vladislav"]
[Black "Aronian, Levon"]
[Result "1/2-1/2"]
[WhiteTitle "GM"]
[BlackTitle "GM"]
[WhiteElo "2704"]
[BlackElo "2781"]
[WhiteFideId "24101605"]
[BlackFideId "13300474"]
[EventDate "2021.06.29"]

1. Nf3 d5 2. g3 g6 3. c4 dxc4 4. Na3 Bg7 5. Nxc4 c5 6. Bg2 Nc6 7. d3 Bd7 8. Be3
b6 9. d4 cxd4 10. Nxd4 Rc8 11. O-O Nxd4 12. Bxd4 Nf6 13. Ne5 O-O 14. Rc1 Rxc1
15. Qxc1 Bb5 16. Rd1 Qc8 17. e3 Rd8 18. b3 Qb8 19. Qa1 Nd7 20. Nxf7 Bxd4 21.
Qxd4 Kxf7 22. Qd5+ Kg7 23. Qxb5 Nf6 24. Rxd8 Qxd8 25. Bf3 a5 26. Qe5 Kf8 27. g4
h6 28. h4 Qd6 29. Qxd6 exd6 30. Kg2 g5 31. Kg3 Kg7 32. Bc6 d5 33. f3 Kf7 34.
hxg5 hxg5 35. f4 Ne4+ 36. Kf3 Nc3 37. fxg5 Kg6 38. Kf4 Nxa2 39. Bxd5 b5 40. Be4+
Kg7 41. Ke5 a4 42. bxa4 bxa4 43. Kd4 a3 44. Kc4 Nc1 45. Kc3 Ne2+ 46. Kb3 a2 47.
Kb2 Nc3 48. Bc2 Nd5 49. e4 Ne3 50. Bd3 Nxg4 51. Be2 Nf2 52. e5 Nh3 53. Kxa2 Nxg5
54. Kb3 Nf7 55. e6 Ng5 56. Bg4 Kf6 57. Kc4 Nxe6 58. Bxe6 1/2-1/2

[Event "Goldmoney Asian Rapid KO"]
[Site "chess24.com INT"]
[Date "2021.07.03"]
[Round "3.12"]
[White "Ding, Liren"]
[Black "Carlsen, Magnus"]
[Result "1/2-1/2"]
[WhiteTitle "GM"]
[BlackTitle "GM"]
[WhiteElo "2799"]
[BlackElo "2847"]
[WhiteFideId "8603677"]
[BlackFideId "1503014"]
[EventDate "2021.06.29"]

1. d4 Nf6 2. c4 e6 3. g3 d5 4. Bg2 Be7 5. Nf3 O-O 6. O-O dxc4 7. Qc2 a6 8. a4
Bd7 9. Qxc4 Bc6 10. Bg5 h6 11. Bxf6 Bxf6 12. Nbd2 a5 13. e4 Na6 14. b3 Qd7 15.
Rfe1 Rfd8 16. Rad1 Nb4 17. Bf1 b6 18. Qc1 Bb7 19. Nc4 Nc6 20. d5 exd5 21. exd5
Nb4 22. Nfe5 Qf5 23. Bg2 Qc2 24. Qxc2 Nxc2 25. Re2 Nb4 26. Red2 Rab8 27. h4 Ba6
28. d6 cxd6 29. Rxd6 Rxd6 30. Rxd6 b5 31. axb5 Bxb5 32. Nd7 Bxd7 33. Rxd7 Rd8
34. Ra7 Bd4 35. Rxa5 Nd3 36. Rd5 Rxd5 37. Bxd5 Nxf2 38. Kg2 Ng4 39. Kf3 Nf6 40.
Bc6 Bc5 41. Ne5 g5 42. Nd3 Bd6 43. hxg5 hxg5 44. g4 Kf8 45. b4 Ke7 46. b5 Bc7
47. Nf2 Ba5 48. Nh3 Bd2 49. b6 Kd6 50. b7 Kc7 51. Ke2 Bc1 52. Bf3 Nd7 53. Kd3
Ne5+ 54. Ke4 Nxf3 55. Kxf3 Kxb7 56. Ke4 Kc6 57. Ke5 Bb2+ 58. Kf5 f6 59. Nxg5
fxg5 60. Kxg5 Bc1+ 61. Kf5 Kd5 62. g5 Bxg5 1/2-1/2

[Event "Goldmoney Asian Rapid KO"]
[Site "chess24.com INT"]
[Date "2021.07.03"]
[Round "3.13"]
[White "Aronian, Levon"]
[Black "Artemiev, Vladislav"]
[Result "1-0"]
[WhiteTitle "GM"]
[BlackTitle "GM"]
[WhiteElo "2781"]
[BlackElo "2704"]
[WhiteFideId "13300474"]
[BlackFideId "24101605"]
[EventDate "2021.06.29"]

1. d4 d5 2. Nf3 Bf5 3. c4 e6 4. Nc3 Nf6 5. Nh4 Bg6 6. Qb3 Nc6 7. cxd5 exd5 8. e3
Bb4 9. Nxg6 hxg6 10. Bd2 O-O 11. Bd3 Re8 12. O-O Bxc3 13. Bxc3 Rb8 14. Rae1 g5
15. f3 Qd6 16. a3 g4 17. Qd1 gxf3 18. Rxf3 Re6 19. Bf5 Re7 20. Ref1 Rbe8 21. Qe1
Ne4 22. Qh4 g6 23. Rh3 Qf6 24. Qh7+ Kf8 25. Bxe4 1-0

[Event "Goldmoney Asian Rapid KO"]
[Site "chess24.com INT"]
[Date "2021.07.03"]
[Round "3.14"]
[White "Artemiev, Vladislav"]
[Black "Aronian, Levon"]
[Result "1/2-1/2"]
[WhiteTitle "GM"]
[BlackTitle "GM"]
[WhiteElo "2704"]
[BlackElo "2781"]
[WhiteFideId "24101605"]
[BlackFideId "13300474"]
[EventDate "2021.06.29"]

1. d4 Nf6 2. Bg5 d5 3. Nd2 c5 4. e3 cxd4 5. exd4 Bg4 6. Ngf3 e6 7. h3 Bxf3 8.
Nxf3 Bd6 9. Bd3 Nc6 10. c3 Qc7 11. O-O O-O-O 12. Rc1 Kb8 13. b4 h6 14. Be3 g5
15. b5 Na5 16. Nd2 Nc4 17. Bxc4 dxc4 18. Qa4 Rc8 19. d5 b6 20. dxe6 fxe6 21. Nf3
g4 22. hxg4 Nxg4 23. Nd4 Rhf8 24. Nc6+ Ka8 25. Qxc4 Bh2+ 26. Kh1 Bg1 27. g3 Nxe3
28. Qe4 Nxf1 29. Nd8+ Kb8 30. Nc6+ Ka8 31. Rxf1 Bxf2 32. Nd8+ Kb8 33. Nc6+ Ka8
34. Na5+ Kb8 35. Nc6+ Ka8 1/2-1/2